Quizzes
Events
Quiz Creation
Community
Videos
Private Events
Remove Ads
Sign In
Join for FREE
Feedback
Dark Mode
Quiz Categories
Sports
Geography
Music
Movies
Television
Just For Fun
Miscellaneous
History
Literature
Language
Science
Gaming
Entertainment
Religion
Holiday
For Kids
Quiz Lab
Recent
Popular Today
Quiz Kudos Today
Editor Picks
Curator Picks
Quizzes by...
Day
Popularity
Type
Ratings
Length
Year
Community
Subscriptions
Recent Discussions
Orange Saloon
Badges
Playlists
Quests
Create
Leaderboards
Showdown
Live 5
Trivia Bingo
Activity
Puzzle Library
Sporcle Events
Private Events
Virtual Trivia
Globe League
Become a Host
Pub Owners
SporcleCon
Opinionation
Our Games
Videos
Blog
Mobile Apps
Partnerships
Remove Ads and Go Orange
Feedback
Science
Computer
Plants
Astronomy
Chemistry
Elements
Math
Animal
Physics
Anatomy
Biology
Geology
General Science
Science
Computer
Plants
Astronomy
Chemistry
Elements
Math
Animal
Physics
Anatomy
Biology
Geology
General Science
Random Quiz
Search Sporcle
×
Quiz Lab
Quiz Lab
Science
dental
Type in answers that appear in a list
Type in answers that appear in a list
Classic
Best Score? Go Orange.
A-Z of dentistry Stats
Can you name the A-Z of these dental related questions?
By
layroar
7m
25 Questions
987 Plays
987 Plays
987 Plays
Comments
Comments
Give Quiz Kudos
Give Quiz Kudos
-
- Ratings
hide this ad
Replay
Link that replays current quiz
Next Quiz
Link to next quiz in quiz playlist
You Got
0%
They Got
Avg Score
76%
Avg Friend Score
Upgrade to see
Score Distribution
Jump to the score distribution portion of the page
Score
0/25
Timer
07:00
0
Plays Today
Hint
Answer
% Correct
The professional person who finds the holes in your teeth.
Dentist
94.8%
Another term for a hole in your tooth.
Cavity
93.5%
The hardest substance in your body.
Enamel
92.1%
A metallic filling material which contains mercury
Amalgam
91%
The teeth used for chewing and grinding
Molar
89.5%
This should be used daily during your oral care regime.
Floss
87.2%
Used to replace one or more missing teeth. Also found worldwide, an impressive example is in San Francisco!
Bridge
86%
This is how you feel after receiving a local anaesthetic.
Numb
85.5%
Too much of this causes holes in your teeth!
Sugar
83.4%
A metal rod inserted into the bone which then supports a fake tooth
Implant
80.6%
Another term for bad breath.
Halitosis
79.8%
A photograph of the inside of your teeth
Xray
78.4%
The surface of the lower teeth closest to your tongue
Lingual
76.5%
Hint
Answer
% Correct
One quarter of your mouth is called a?
Quadrant
75.6%
A false finger nail usually made from porcelain or composite, cemented to the front of your tooth to improve appearance.
Veneer
74.5%
This appliance holds your teeth in position following orthodontic treatment.
Retainer
74.4%
These teeth do not make you clever
Wisdom tooth
73.9%
A bacterial biofilm found in your mouth
Plaque
72.5%
A song by David Guetta. Also a very strong metal used to make the 'I' answer.
Titanium
71.8%
The term used to describe how your teeth meet together
Occlusion
70.1%
A plastic based material used to fill the root canal and what golf balls historically we're made from.
Gutta percha
65.2%
When your lower jaw protrudes more than your upper jaw
Underbite
63.2%
Another word for your cheek bone. The masseter muscle connects to it thus enabling you to chew.
Zygomatic
57.8%
You have two of these, fused together in the middle.
Jaw
55.6%
This fungus causes conditions such as oral thrush
Yeast
40.4%
Quiz Playlist
Details
Report
Send in Message
Add To Playlist
Classic:
Type in answers that appear in a list
Last Updated: Feb 16, 2017
Quiz Scoreboard
CHALLENGE
Sign Up to Join the Scoreboard
Show All
Scores
Hide
Comments
May contain spoilers
Recently Published
9x9 Crossword: Cartoon Network
by jackfrog10
Miscellaneous
3m
College Basketball Coaching Resumes
by pancakes188
Sports
9m
Billboard Blitz: Fleetwood Mac
by CooCooCachoo
Music
15s
More to Explore
Quiz From the Vault
Featured Blog Post
Where Did the Easter Bunny Come From?
hide this ad
You Might Also Like...
Tags
A-Z
dental
Related
Today's Top Quizzes in Science
Browse Science
hide this ad
Today's Top Quizzes in dental
Browse dental
Top Contributed Quizzes in Science
1
Quick Pick: Radians
2
Quick Pick: 'CI-CJ' Animals
3
The First 100 Digits of Pi
4
Elements In Images
5
One Thing in Common: Science
6
Science Jokes
7
One Thing in Common: Animals
8
One Thing in Common: Science II
9
Name the Acid, Base or Salt
10
One Thing in Common: Science III
Explore More
Trending Topics
Anime
Harry Potter
NBA
Disney
Kpop
Marvel
Crossword
Soccer
Pokémon
The Office
Puzzle
Country
NFL
WWE
Song
hide this ad
More By:
layroar
Quiz
Plays
Rating
Category
Featured
Created
A-Z of dentistry
987
4.00
Science
May 11, 2015
Everything Dental
603
4.00
Science
Oct 10, 2013
Go to Creator's Profile
Score Distribution
Quiz Creator Spotlight
layroar
Follow
Send a Message
Quizzes Created
-
Created Quiz Play Count
-
More By This Creator
Popular Quizzes Today
1
Find the US States - No Outlines Minefield
2
Find the Countries of Europe - No Outlines Minefield
3
The Countries of the World
4
Find the US States
5
Risky Map Clicking: Biggest States A-Z
6
US States
7
Popular People in 1961
8
Movies - When Are They Set?
More Science Quizzes
Decay Elements
Published
Trending Quizzes
Risky Map Clicking: Least Populous States A-Z
1-10 Letter G Words
1-10 Letter F Words
Risky Map Clicking: Next State Alphabetically
Adjectives in 80s TV Shows
Recently Updated
Leaping Animals
pecheneg
Reality TV Shows (A-Z)
bhenderson79
Rickey Henderson's Hall of Fame Teammates
pecheneg
Champions League XIs: Arsenal
pecheneg
Quick Pick: Celebrities in WWE's Hall of Fame
aduchscher
A-Z Keypad Blitz II
pecheneg
Multiple Oscar Actors
pecheneg
Mystery Phrase Blitz: Oscar 'Best Actors'
pecheneg
F. Scott Fitzgerald Novels
LTH
Pick 3 Villains
ddd62291
Trending Topics
Anime
NBA
Harry Potter
Marvel
Crossword
Kpop
Disney
Pokémon
Country
Soccer
WWE
Puzzle
Song
NFL
The Office
Your Account Isn't Verified!
In order to create a playlist on Sporcle, you need to verify the email address you used during registration. Go to your
Sporcle Settings
to finish the process.
Report this User
Report this user for behavior that violates our
Community Guidelines
.
Details:
Send Report
Go to the Sporcle.com Mobile Site →
Comments